000 00613nam a22001937a 4500
003 OSt
005 20260624123105.0
008 260624b |||||||| |||| 00| 0 eng d
020 _a978-0-9797280-4-4
040 _cChuka University
050 _aLB 1031
_b. R 88 2010
100 _aRutherford Paula
_931087
245 _aMeeting the needs of diverse learners
260 _aAlexandria
_bJust ASK Publications and Professional Development
_c 2010
300 _a335p.
_bColored illustrations
650 _aDifferentiated instruction
_931088
650 _aGifted and talented education
_931089
942 _2lcc
_cSL
_n0
999 _c25164
_d25164